00424nam a2200133Ia 4500008004100000041000800041082001800049100002300067245012300090250000600213260004800219300000800267650001500275210716s1965 xx 000 0 und d aeng a658.4092 HUGC aHughes, Charles L. aGoal setting: key to individual and organizational effectiveness.bKey to individual and organizational effectiveness. a1 aUSAbAmerican Management Associationc1965 a159 aLeadership